| 000 | 01911cam a22004814i 4500 | ||
|---|---|---|---|
| 003 | PE-LiUPU | ||
| 005 | 20250731173224.0 | ||
| 008 | 150625s sp r 000 0 spa d | ||
| 035 | _a(Sirsi) a33991 | ||
| 040 |
_aPE-LiUPU _bspa _cPE-LiUPU _erda |
||
| 049 | _aPRUA | ||
| 082 | 0 | 4 |
_a253.7 _bM77 _221 |
| 100 | 1 |
_aMoore, Waylon B, _eautor. |
|
| 245 | 1 | 0 |
_aMultiplicacion de discipulos / _cWaylon B. Moore. |
| 264 | 1 | _a | |
| 300 | _a | ||
| 336 |
_atext _2rdacontent |
||
| 337 |
_aunmediated _2rdamedia |
||
| 338 |
_avolume _2rdacarrier |
||
| 505 | 0 | _a | |
| 526 | _aSEG42 | ||
| 526 | _aSEG41 | ||
| 526 | _aSEG40 | ||
| 526 | _aSEG39 | ||
| 526 | _aP94 | ||
| 526 | _aP87 | ||
| 526 | _aP86 | ||
| 526 | _aP85 | ||
| 526 | _aP77 | ||
| 526 | _aP76 | ||
| 526 | _aP35 | ||
| 942 |
_2ddc _cBOOK |
||
| 949 |
_a253.7 M77 _wDEWEY _c1 _i28490 _lCCODEBUL1 _mBUL _p30.00 _r0 _sY _tBOOK _u2015-06-25 _xBIBLIOTECA _zUNKNOWN _0COMPRA _o.STAFF. Colección Teología |
||
| 949 |
_a253.7 M77 _wDEWEY _c2 _i28491 _lCCODEBUL1 _mBUL _p30.00 _r0 _sY _tBOOK _u2015-06-25 _xBIBLIOTECA _zUNKNOWN _0COMPRA _o.STAFF. Colección Teología |
||
| 949 |
_a253.7 M77 _wDEWEY _c3 _i28492 _lCCODEBUL1 _mBUL _p30.00 _r0 _sY _tBOOK _u2015-06-25 _xBIBLIOTECA _zUNKNOWN _0COMPRA _o.STAFF. Colección Teología |
||
| 596 | _a1 | ||
| 999 |
_a253.7 M77 _wDEWEY _c41799 _i28490 _d41799 _e2017-3-15 _f2019-12-10 _g4 _lDISCARD _mBUL _n2 _r0 _sY _tBOOK _u2015-6-25 _xTEOLOGIA _zUNKNOWN _0COMPRA _o.STAFF. Colección General |
||
| 999 |
_a253.7 M77 _wDEWEY _c2 _i28491 _d2016-4-15 _e2016-4-14 _f2021-11-12 _g5 _lCCODEBUL1 _mBUL _n1 _r0 _sY _tBOOK _u2015-6-25 _xTEOLOGIA _zUNKNOWN _0COMPRA _o.STAFF. Colección General |
||
| 999 |
_a253.7 M77 _wDEWEY _c3 _i28492 _d2019-4-10 _e2016-11-11 _f2021-11-12 _g5 _lCCODEBUL1 _mBUL _n5 _p30.00 _q2 _r0 _sY _tBOOK _u2015-6-25 _xTEOLOGIA _PP35 _0COMPRA _o.STAFF. Colección Teología |
||
| 980 |
_81 _gALBERTO SANCHEZ Responsable de Automatización |
||